000 00763nam a22002415i 4500
001 13057
003 ES-MaACL
005 20230906150500.0
007 t|
008 930422s1971 sp ||||0| spa j
040 _aM-BN
_bspa
_cM-BN
080 _a946.031.5 Polop
100 1 _aFuster, Joaquín.
_953082
245 1 0 _aBaronía de Polop /
_cJoaquín Fuster Pérez ; prólogo por Vintila Horia ; [dibujos, Benjamín Palencia].
250 _a[1ª ed.].
260 _aPolop de la Marina :
_bAyuntamiento,
_c1971.
300 _a428 p. :
_bil. ;
_c25 cm.
504 _aBibliografía.
651 4 _aPolop-
_xHistoria.
_99244
700 1 _aPalencia, Benjamín.
_988530
700 1 _aHoria, Vintila (
_d1915-1992)
_964193
852 _aES-MaACL
_jL-20424
_bR.125190
999 _c13057
_d13057